[Event "Tokyo Japan op"]
[Site "Tokyo"]
[Date "2021.11.22"]
[Round "6"]
[White "Nakamura, Naohiro"]
[Black "Takahashi, Hideaki"]
[Result "1-0"]
[WhiteElo "2111"]
[BlackElo "1798"]
[PlyCount "45"]
[EventDate "2021.11.20"]
[EventType "swiss"]
[EventRounds "7"]
[EventCountry "JPN"]
[SourceTitle "CBM 205 Extra"]
[Source "ChessBase"]
[SourceDate "2022.01.31"]
[SourceVersion "1"]
[SourceVersionDate "2022.01.31"]
[SourceQuality "1"]

1. c4 Nf6 2. Nc3 e6 3. e4 d5 4. cxd5 exd5 5. e5 Nfd7 6. d4 c5 7. Nf3 Nc6 8. dxc5 Ndxe5 9. Nxe5 Nxe5 10. Bb5+ Nc6 11. Qxd5 Qe7+ 12. Be3 Bd7 13. 0-0 0-0-0 14. Qc4 Qe5 15. Rac1 h5 16. Qa4 Bxc5 17. Bxc5 Qxc5 18. Bxc6 bxc6 19. Nb5 Qe5 20. Qa6+ Kb8 21. Qxa7+ Kc8 22. Qa8+ Qb8 23. Qa6+ 1-0

[Event "Tokyo-ch"]
[Site "Tokyo"]
[Date "2021.03.20"]
[Round "2"]
[White "Harigaya, Kazune"]
[Black "Nakamura, Naohiro"]
[Result "0-1"]
[WhiteElo "1788"]
[BlackElo "2111"]
[PlyCount "58"]
[EventDate "2021.03.20"]
[EventType "swiss"]
[EventRounds "6"]
[EventCountry "JPN"]
[SourceTitle "EXT 2022"]
[Source "ChessBase"]
[SourceDate "2021.10.06"]
[SourceVersion "1"]
[SourceVersionDate "2021.10.06"]
[SourceQuality "1"]

1. d4 Nf6 2. Nf3 g6 3. Bg5 Bg7 4. Nbd2 h6 5. Bh4 0-0 6. e4 c5 7. c3 cxd4 8. Bxf6 exf6 9. Nxd4 d5 10. Be2 dxe4 11. Nxe4 f5 12. Ng3 f4 13. Ne4 Re8 14. Nb3 Qe7 15. Ned2 Nc6 16. Nc1 Bg4 17. f3 Qh4+ 18. Kf1 Bf5 19. Bd3 Bxd3+ 20. Nxd3 Rad8 21. Qc2 Ne7 22. Re1 Nf5 23. Rxe8+ Rxe8 24. Qa4 Rd8 25. Qe4 Ng3+ 26. hxg3 Qxh1+ 27. Kf2 Qd1 28. Qe2 fxg3+ 29. Ke3 Re8+ 0-1

[Event "JPN-ch"]
[Site "Tokyo"]
[Date "2020.10.31"]
[Round "2"]
[White "Kojima, Shinya"]
[Black "Nakamura, Naohiro"]
[Result "1-0"]
[WhiteElo "2386"]
[BlackElo "2105"]
[PlyCount "159"]
[EventDate "2020.10.31"]
[EventType "swiss"]
[EventRounds "7"]
[EventCountry "JPN"]
[SourceTitle "CBM 199 Extra"]
[Source "ChessBase"]
[SourceDate "2021.01.31"]
[SourceVersion "1"]
[SourceVersionDate "2021.01.31"]
[SourceQuality "1"]

1. Nf3 c5 2. c4 b6 3. g3 Bb7 4. Bg2 e6 5. Nc3 Nf6 6. 0-0 d6 7. d4 cxd4 8. Qxd4 a6 9. Rd1 Nbd7 10. b3 Be7 11. e4 Qc7 12. Bb2 Rc8 13. h3 0-0 14. Rd2 Qb8 15. Re1 Ba8 16. Nh2 Rfd8 17. Nf1 Bf8 18. Rdd1 b5 19. Nd2 Ne5 20. cxb5 axb5 21. Rc1 Nc6 22. Qe3 d5 23. exd5 exd5 24. Qg5 h6 25. Qf5 Ne7 26. Qd3 d4 27. Nxb5 Rxc1 28. Rxc1 Bxg2 29. Kxg2 Qa8+ 30. Nf3 Qxa2 31. Bxd4 Qa6 32. Qc4 Ned5 33. Ra1 Qe6 34. Re1 Qf5 35. Ne5 Rc8 36. Qe2 Nb4 37. Qf3 Qg5 38. h4 Qd2 39. Rd1 Qc2 40. Nc4 Nbd5 41. Qd3 Qxd3 42. Rxd3 Rb8 43. Nbd6 Nb4 44. Rf3 Nbd5 45. Nf5 Ne4 46. Rd3 g6 47. Be5 Rd8 48. Nd4 f6 49. Ne6 Rd7 50. Bd4 Be7 51. Kf3 Kf7 52. Kxe4 Kxe6 53. Be3 f5+ 54. Kf3 g5 55. hxg5 hxg5 56. Ke2 Bf6 57. Nb6 Nxb6 58. Bxb6 Rb7 59. Bc5 Be5 60. b4 g4 61. Rd8 f4 62. gxf4 Bxf4 63. Rg8 Kf5 64. Kd3 Be5 65. Kc4 Rc7 66. Kd5 Rd7+ 67. Kc6 Rc7+ 68. Kb6 Rf7 69. Ka6 Rf6+ 70. Kb7 Rf7+ 71. Kc6 Rc7+ 72. Kb6 Rf7 73. b5 Kf4 74. Ka6 Kf3 75. b6 g3 76. fxg3 Bxg3 77. b7 Bf4 78. Rd8 Ke4 79. Rd4+ Ke5 80. b8Q+ 1-0

[Event "Hong Kong Jolimark op"]
[Site "Hong Kong"]
[Date "2017.12.27"]
[Round "9"]
[White "Nakamura, Naohiro"]
[Black "Li, Bo"]
[Result "0-1"]
[WhiteElo "2104"]
[BlackElo "2344"]
[PlyCount "118"]
[EventDate "2017.12.23"]
[EventType "swiss"]
[EventRounds "9"]
[EventCountry "HKG"]
[SourceTitle "CBM 182 Extra"]
[Source "ChessBase"]
[SourceDate "2018.02.23"]
[SourceVersion "1"]
[SourceVersionDate "2018.02.23"]
[SourceQuality "1"]

1. c4 Nf6 2. Nc3 e5 3. Nf3 d6 4. d4 Nbd7 5. e4 c6 6. Be2 Be7 7. 0-0 0-0 8. Qc2 Re8 9. Rd1 Qc7 10. b4 Nf8 11. h3 Ng6 12. Be3 Nh5 13. d5 Nhf4 14. Bf1 Bd7 15. Rac1 cxd5 16. cxd5 Rec8 17. Qb1 Qd8 18. a4 Qe8 19. Nb5 Qd8 20. Rxc8 Qxc8 21. Rc1 Qd8 22. a5 a6 23. Bb6 Qf8 24. Nc7 Rc8 25. b5 axb5 26. Bxb5 Bxb5 27. Qxb5 f5 28. Qc4 Bd8 29. Kf1 fxe4 30. Qxe4 Qf7 31. Rc4 Bxc7 32. Qc2 Nxd5 33. Ng5 Qe7 34. h4 Rf8 35. Qe4 Nxb6 36. axb6 Bxb6 37. Qd5+ Kh8 38. Rc8 Rxc8 39. Nf7+ Qxf7 40. Qxf7 Rf8 41. Qxb7 Bc5 42. h5 Nf4 43. h6 gxh6 44. f3 h5 45. g3 Ng6 46. Qe4 Kg7 47. Ke2 Rf7 48. Ke1 h4 49. gxh4 Rf4 50. Qb7+ Kh6 51. h5 Nh4 52. Qe7 Nxf3+ 53. Kd1 Ng5 54. Qe8 e4 55. Ke2 Rf2+ 56. Ke1 e3 57. Kd1 e2+ 58. Kd2 Bb4+ 59. Kd3 e1Q 0-1

[Event "Hong Kong Jolimark op"]
[Site "Hong Kong"]
[Date "2017.12.25"]
[Round "6"]
[White "Causo, Deniel"]
[Black "Nakamura, Naohiro"]
[Result "1/2-1/2"]
[WhiteElo "2279"]
[BlackElo "2104"]
[PlyCount "124"]
[EventDate "2017.12.23"]
[EventType "swiss"]
[EventRounds "9"]
[EventCountry "HKG"]
[SourceTitle "CBM 182 Extra"]
[Source "ChessBase"]
[SourceDate "2018.02.23"]
[SourceVersion "1"]
[SourceVersionDate "2018.02.23"]
[SourceQuality "1"]

1. e4 c5 2. c3 Nf6 3. e5 Nd5 4. d4 cxd4 5. cxd4 e6 6. Nf3 b6 7. a3 Ba6 8. Bxa6 Nxa6 9. 0-0 Be7 10. Nbd2 0-0 11. Ne4 Nac7 12. Bg5 f6 13. Bh4 Qe8 14. Rc1 Qh5 15. Re1 Rf7 16. Nd6 Bxd6 17. exd6 Ne8 18. Bg3 g5 19. Qd3 g4 20. Nd2 Ng7 21. Qa6 Nf5 22. Rc8+ Rxc8 23. Qxc8+ Kg7 24. Nb3 Nxg3 25. hxg3 Qf5 26. Qc4 Qg6 27. Nd2 f5 28. Qc2 Qg5 29. Nc4 f4 30. Ne5 Rf5 31. Qc8 Nf6 32. Qd8 fxg3 33. Qe7+ Kh6 34. Nf7+ Kh5 35. Nxg5 gxf2+ 36. Kf1 fxe1Q+ 37. Kxe1 Kxg5 38. Qd8 Rb5 39. Qc7 a5 40. Qc1+ Kg6 41. Qc2+ Kf7 42. a4 Rb4 43. b3 Rxd4 44. Qc7 Rb4 45. Qc3 e5 46. Qc7 Ke6 47. Qb8 Re4+ 48. Kf2 Rf4+ 49. Kg3 Rb4 50. Qd8 Kf5 51. Qc8 Rxb3+ 52. Kh4 Rb4 53. Qc2+ e4 54. Qf2+ Ke6 55. Kg5 Nd5 56. Qf8 e3 57. g3 Rxa4 58. Qh6+ Ke5 59. Qf8 Ke6 60. Qh6+ Ke5 61. Qf8 Ke6 62. Qh6+ Ke5 1/2-1/2

[Event "JPN-ch 46th"]
[Site "Tokyo"]
[Date "2013.05.05"]
[Round "9"]
[White "Inoue, Sho"]
[Black "Nakamura, Naohiro"]
[Result "1/2-1/2"]
[WhiteElo "2038"]
[BlackElo "2058"]
[PlyCount "57"]
[EventDate "2013.05.01"]
[EventType "swiss"]
[EventRounds "11"]
[EventCountry "JPN"]
[SourceTitle "CBM 154 Extra"]
[Source "ChessBase"]
[SourceDate "2013.06.25"]
[SourceVersion "2"]
[SourceVersionDate "2013.06.25"]
[SourceQuality "1"]

1. e4 c5 2. Nc3 e6 3. Nge2 Nc6 4. g3 a6 5. Bg2 g6 6. d4 cxd4 7. Nxd4 Nge7 8. a4 Bg7 9. Be3 d5 10. exd5 exd5 11. Nxc6 bxc6 12. Bd4 Nf5 13. Bxg7 Nxg7 14. 0-0 0-0 15. b4 Rb8 16. Rb1 Bf5 17. b5 axb5 18. axb5 d4 19. Ne4 Bxe4 20. Bxe4 cxb5 21. Rb4 Ne6 22. Qb1 Ng5 23. Bg2 Qb6 24. Qb2 Rfd8 25. Rb1 Qc5 26. h4 Ne6 27. Be4 Nc7 28. Rc1 Ne6 29. Rb1 1/2-1/2

[Event "JPN-ch 46th"]
[Site "Tokyo"]
[Date "2013.05.05"]
[Round "10"]
[White "Nakamura, Naohiro"]
[Black "Nanjo, Ryosuke"]
[Result "1/2-1/2"]
[WhiteElo "2058"]
[BlackElo "2327"]
[PlyCount "59"]
[EventDate "2013.05.01"]
[EventType "swiss"]
[EventRounds "11"]
[EventCountry "JPN"]
[SourceTitle "CBM 154 Extra"]
[Source "ChessBase"]
[SourceDate "2013.06.25"]
[SourceVersion "2"]
[SourceVersionDate "2013.06.25"]
[SourceQuality "1"]

1. Nf3 f5 2. d4 e6 3. Bg5 Be7 4. h4 Nf6 5. Nbd2 d6 6. c3 Nc6 7. Bxf6 Bxf6 8. e4 e5 9. dxe5 Nxe5 10. Nxe5 dxe5 11. Bc4 c6 12. Bb3 fxe4 13. Nxe4 Qxd1+ 14. Rxd1 Ke7 15. Ke2 b6 16. Ke3 Bf5 17. g3 Rhd8 18. Rxd8 Rxd8 19. Rd1 Rxd1 20. Bxd1 Be6 21. Bb3 Bd5 22. c4 Be6 23. c5 Bxb3 24. cxb6 axb6 25. axb3 Ke6 26. Nxf6 gxf6 27. g4 f5 28. g5 h6 29. f4 hxg5 30. fxg5 1/2-1/2

[Event "JPN-ch 46th"]
[Site "Tokyo"]
[Date "2013.05.04"]
[Round "8"]
[White "Nakamura, Naohiro"]
[Black "Ikeda, Junta"]
[Result "0-1"]
[WhiteElo "2058"]
[BlackElo "2367"]
[PlyCount "78"]
[EventDate "2013.05.01"]
[EventType "swiss"]
[EventRounds "11"]
[EventCountry "JPN"]
[SourceTitle "CBM 154 Extra"]
[Source "ChessBase"]
[SourceDate "2013.06.25"]
[SourceVersion "2"]
[SourceVersionDate "2013.06.25"]
[SourceQuality "1"]

1. Nf3 Nf6 2. c4 e6 3. g3 a6 4. Bg2 b5 5. 0-0 Bb7 6. b3 Be7 7. Bb2 c5 8. Qc2 Qb6 9. Nc3 0-0 10. cxb5 axb5 11. a4 b4 12. Nb5 d6 13. Ng5 Nbd7 14. Bxb7 Qxb7 15. Rfe1 d5 16. f3 Rfc8 17. e4 h6 18. Nh3 c4 19. d4 cxd3 20. Qxd3 Nc5 21. Qe3 dxe4 22. Bxf6 Bxf6 23. Rad1 Be7 24. fxe4 Nxa4 25. Nd6 Bxd6 26. Rxd6 Rc3 27. Rd3 Rxd3 28. Qxd3 Nc3 29. Nf2 Qb6 30. Rc1 Rd8 31. Qf3 Qa6 32. Kg2 Qa3 33. Rxc3 bxc3 34. Qxc3 Rb8 35. Qc4 Qxb3 36. Qc5 Qb5 37. Qd4 Qe2 38. Qc3 Rb1 39. Qd3 Qxd3 0-1

[Event "JPN-ch 46th"]
[Site "Tokyo"]
[Date "2013.05.04"]
[Round "7"]
[White "Sakai, Sou"]
[Black "Nakamura, Naohiro"]
[Result "0-1"]
[WhiteElo "1831"]
[BlackElo "2058"]
[PlyCount "70"]
[EventDate "2013.05.01"]
[EventType "swiss"]
[EventRounds "11"]
[EventCountry "JPN"]
[SourceTitle "CBM 154 Extra"]
[Source "ChessBase"]
[SourceDate "2013.06.25"]
[SourceVersion "2"]
[SourceVersionDate "2013.06.25"]
[SourceQuality "1"]

1. d4 Nf6 2. Nf3 g6 3. c4 Bg7 4. Nc3 0-0 5. e4 d6 6. Be2 Na6 7. h3 e5 8. d5 Nc5 9. Qc2 a5 10. Be3 Ne8 11. g4 f5 12. gxf5 gxf5 13. Bg5 Qd7 14. 0-0-0 Nf6 15. Rdg1 Nfxe4 16. Bh6 Rf7 17. Bxg7 Rxg7 18. Rxg7+ Kxg7 19. Rg1+ Kh8 20. Nxe4 Nxe4 21. Ng5 Nxg5 22. Rxg5 Qf7 23. f4 Qf6 24. Qc3 Bd7 25. h4 b6 26. fxe5 Qxe5 27. Qf3 Re8 28. Qg2 Qe3+ 29. Kd1 Qd4+ 30. Kc2 Qe4+ 31. Bd3 Qxg2+ 32. Rxg2 Rg8 33. Rxg8+ Kxg8 34. Kd2 f4 35. a3 Kg7 0-1

[Event "World University-ch 12th"]
[Site "Guimaraes"]
[Date "2012.08.21"]
[Round "3"]
[White "Nakamura, Naohiro"]
[Black "Wyss, Jonas"]
[Result "0-1"]
[WhiteElo "2053"]
[BlackElo "2236"]
[PlyCount "64"]
[EventDate "2012.08.20"]
[EventType "swiss"]
[EventRounds "9"]
[EventCountry "POR"]
[SourceTitle "CBM 150 Extra"]
[Source "ChessBase"]
[SourceDate "2012.10.19"]
[SourceVersion "1"]
[SourceVersionDate "2012.10.19"]
[SourceQuality "1"]

1. Nf3 d5 2. d4 e6 3. c4 c5 4. cxd5 exd5 5. g3 Nc6 6. Bg2 Nf6 7. 0-0 Be7 8. Nc3 0-0 9. dxc5 Bxc5 10. Na4 Be7 11. Be3 Bg4 12. Nd4 Re8 13. Nxc6 bxc6 14. Rc1 Qd7 15. Qd3 Rab8 16. Rfe1 Bb4 17. Red1 Bf5 18. Qa6 Rxe3 19. fxe3 Qe7 20. Bf3 Qxe3+ 21. Kg2 Ne4 22. Rf1 Nd2 23. Qxc6 Nxf1 24. Rxf1 Be4 25. Qa6 g5 26. a3 Bd2 27. h3 h5 28. Kh2 h4 29. gxh4 Qf4+ 30. Kg2 gxh4 31. Kh1 Be3 32. Nc3 Qg3 0-1

[Event "World University-ch 12th"]
[Site "Guimaraes"]
[Date "2012.08.20"]
[Round "1"]
[White "Nakamura, Naohiro"]
[Black "Kurmann, Oliver"]
[Result "1/2-1/2"]
[WhiteElo "2053"]
[BlackElo "2469"]
[PlyCount "97"]
[EventDate "2012.08.20"]
[EventType "swiss"]
[EventRounds "9"]
[EventCountry "POR"]
[SourceTitle "CBM 150 Extra"]
[Source "ChessBase"]
[SourceDate "2012.10.19"]
[SourceVersion "1"]
[SourceVersionDate "2012.10.19"]
[SourceQuality "1"]

1. Nf3 Nf6 2. c4 c5 3. g3 b6 4. Bg2 Bb7 5. 0-0 e6 6. Nc3 Be7 7. d4 cxd4 8. Qxd4 d6 9. Bg5 a6 10. Bxf6 Bxf6 11. Qf4 Bxf3 12. Qxf3 Ra7 13. Rad1 0-0 14. Rd2 Be7 15. Rfd1 Rd7 16. b3 Qc7 17. Rd3 Rc8 18. a4 Qd8 19. Qf4 Bg5 20. Qg4 f5 21. Qh3 g6 22. e3 Bf6 23. Ne2 Qe7 24. Nf4 Kg7 25. e4 Be5 26. Ne2 Kh8 27. f4 Bf6 28. Bf3 Rc5 29. g4 fxe4 30. Bxe4 Kg8 31. g5 Bg7 32. Nd4 Bxd4+ 33. Rxd4 e5 34. Bd5+ Kg7 35. Re4 Kh8 36. Qg4 Nc6 37. Bxc6 Rxc6 38. fxe5 d5 39. Red4 Re6 40. Rxd5 Rxd5 41. Rxd5 Rxe5 42. Qd4 Qxg5+ 43. Kh1 Qc1+ 44. Kg2 Qg5+ 45. Kf2 Qf6+ 46. Kg3 Rg5+ 47. Kh3 Rh5+ 48. Kg3 Rg5+ 49. Kh3 1/2-1/2

[Event "Kuala Lumpur op 8th"]
[Site "Kuala Lumpur"]
[Date "2011.08.25"]
[Round "9"]
[White "Ajeet Singh, Roshan"]
[Black "Nakamura, Naohiro"]
[Result "1-0"]
[WhiteElo "1864"]
[BlackElo "2033"]
[PlyCount "59"]
[EventDate "2011.08.18"]
[EventType "swiss"]
[EventRounds "9"]
[EventCountry "MAS"]
[SourceTitle "CBM 144 Extra"]
[Source "ChessBase"]
[SourceDate "2011.10.28"]
[SourceVersion "1"]
[SourceVersionDate "2011.10.28"]
[SourceQuality "1"]

1. d4 d5 2. c4 e6 3. Nc3 Be7 4. cxd5 exd5 5. Bf4 c6 6. e3 Bf5 7. g4 Be6 8. Bd3 Nf6 9. h3 Bd6 10. Bxd6 Qxd6 11. Nge2 h5 12. g5 Ng8 13. g6 Nd7 14. Nf4 Ndf6 15. Rg1 Ne7 16. gxf7+ Kxf7 17. Qf3 Rag8 18. Rg5 g6 19. 0-0-0 Bf5 20. Bxf5 gxf5 21. Rdg1 h4 22. Nd3 Rxg5 23. Rxg5 Ne4 24. Ne5+ Ke8 25. Nxe4 dxe4 26. Qf4 c5 27. Rg7 Rh6 28. Qg5 cxd4 29. exd4 Qxd4 30. Qxe7# 1-0

[Event "Kuala Lumpur op 7th"]
[Site "Kuala Lumpur"]
[Date "2010.09.05"]
[Round "7"]
[White "Nakamura, Naohiro"]
[Black "Lane, Gary William"]
[Result "0-1"]
[WhiteElo "2064"]
[BlackElo "2373"]
[PlyCount "68"]
[EventDate "2010.09.01"]
[EventType "swiss"]
[EventRounds "9"]
[EventCountry "MAS"]
[SourceTitle "CBM 138 Extra"]
[Source "ChessBase"]
[SourceDate "2010.10.29"]
[SourceVersion "1"]
[SourceVersionDate "2010.10.29"]
[SourceQuality "1"]

1. d4 d5 2. c4 c6 3. Nf3 Nf6 4. e3 e6 5. Nbd2 c5 6. cxd5 exd5 7. dxc5 Bxc5 8. a3 0-0 9. b4 Bd6 10. Bb2 Bg4 11. Be2 Re8 12. Nd4 Bxe2 13. Qxe2 Nbd7 14. N2f3 Nb6 15. 0-0 Nc4 16. Rfd1 Qd7 17. Bc3 Ne4 18. Be1 Rad8 19. Qa2 Bb8 20. Ne2 Qf5 21. Nc3 Ne5 22. Nd4 Qh5 23. h3 Ng6 24. Nf3 Ne5 25. Nd4 Nxc3 26. Bxc3 Nc4 27. Nf3 Rd6 28. Kf1 Rc6 29. Bd4 Ree6 30. Rac1 h6 31. a4 Rg6 32. b5 Rxg2 33. bxc6 Qxf3 34. cxb7 Rh2 0-1

[Event "Kuala Lumpur op 7th"]
[Site "Kuala Lumpur"]
[Date "2010.09.03"]
[Round "4"]
[White "Lee Kah Meng, Elgin"]
[Black "Nakamura, Naohiro"]
[Result "1/2-1/2"]
[WhiteElo "1918"]
[BlackElo "2064"]
[PlyCount "63"]
[EventDate "2010.09.01"]
[EventType "swiss"]
[EventRounds "9"]
[EventCountry "MAS"]
[SourceTitle "CBM 138 Extra"]
[Source "ChessBase"]
[SourceDate "2010.10.29"]
[SourceVersion "1"]
[SourceVersionDate "2010.10.29"]
[SourceQuality "1"]

1. d4 Nf6 2. c4 e6 3. Nc3 Bb4 4. e3 0-0 5. Bd3 c5 6. Nge2 d5 7. 0-0 Nc6 8. a3 cxd4 9. exd4 Be7 10. Bf4 b6 11. Rc1 Bb7 12. cxd5 Nxd5 13. Nxd5 exd5 14. Rc3 g6 15. Bh6 Re8 16. Bb5 Rc8 17. Qa4 Bg5 18. Bxg5 Qxg5 19. Bxc6 Bxc6 20. Rxc6 Rxc6 21. Qxc6 Rxe2 22. b4 Kg7 23. Qd7 a5 24. Qb5 Rb2 25. Qxb6 axb4 26. axb4 Qd2 27. Qc5 Rxb4 28. Qxd5 Qxd4 29. Qxd4+ Rxd4 30. g3 g5 31. h3 h5 32. Kg2 1/2-1/2